000 00522nam a22001817a 4500
005 20251108164900.0
008 250721s9999 xx 000 0 ara d
082 1 4 _a641.8/تفي
100 1 _aمرتضى، تفيدة
245 1 0 _aالكيك و حفلات الشاي /
264 1 _aالإسكندرية :
_bالمركز العربي للنشر و التوزيع،
_c[19-].
300 _a58ص
650 1 7 _aالسكاكر
650 1 7 _aالأغذية
650 1 7 _aالكعك
942 _2ddc
_cBK
999 _c16579
_d16579